Database Management System : (Record no. 57440)

MARC details
000 -LEADER
fixed length control field 00899nam a22002537a 4500
005 - DATE AND TIME OF LATEST TRANSACTION
control field 20140616123612.0
010 ## - LCCN (DPL NO)
LC control number ENG-103917
020 ## - INTERNATIONAL STANDARD BOOK NUMBER
International Standard Book Number 9780230332409
Terms of availability 250.00
020 ## - INTERNATIONAL STANDARD BOOK NUMBER
International Standard Book Number 0230332404
Terms of availability 250.00
035 ## - SYSTEM CONTROL NUMBER
System control number EN-87450
035 ## - SYSTEM CONTROL NUMBER
System control number B-527750
037 ## - SOURCE OF ACQUISITION
Source of stock number/acquisition DBAD / PUB
037 ## - SOURCE OF ACQUISITION
Source of stock number/acquisition Prakashan Sansthan/Ven
Stock number dpl
082 ## - DEWEY DECIMAL CLASSIFICATION NUMBER
Classification number 005.74
100 ## - MAIN ENTRY--PERSONAL NAME
Personal name Patel, Ashok
245 ## - TITLE STATEMENT
Title Database Management System :
Statement of responsibility, etc by Ashok Patel [and] Arvind Shah
Remainder of title concept, design, architecture & SQL /
260 ## - PUBLICATION, DISTRIBUTION, ETC. (IMPRINT)
Place of publication, distribution, etc New Delhi
Name of publisher, distributor, etc Macmillan Publishers
Date of publication, distribution, etc 2011
270 ## - ADDRESS
Address 2/10, Ansari Road, Daryaganj
City New Delhi
Postal code 110002
300 ## - PHYSICAL DESCRIPTION
Extent xiii,263p. :
Dimensions 24cm (pbk)
Other physical details ill.
500 ## - GENERAL NOTE
General note Includes index
700 ## - ADDED ENTRY--PERSONAL NAME
9 (RLIN) 24920
Personal name Shah, Arvind
942 ## - ADDED ENTRY ELEMENTS (KOHA)
Source of classification or shelving scheme Dewey Decimal Classification
Item type English Books
Call number suffix PAT
Classification part 005.74
Holdings
Withdrawn status Lost status Not for loan Collection code Home library Current library Date acquired Source of acquisition Cost, normal purchase price Full call number Barcode Copy number Cost, replacement price Koha item type
      Non-fiction Central Library Central Library 16/06/2014 Prakashan Sansthan/306/21.10.2013/36/10.10.2013/29.10.2013 250.00 005.74 PAT B-527750 1 250.00 English Books
    Not For Loan Non-fiction D.B.Act.Division D.B.Act.Division 10/10/2011 DBAD/PUB 250.00 005.74 PAT EN-87450 1 250.00 English Books

© Delhi Public Library
Hit Counter
free hit counter